| 000 | 01115cam a2200337 a 4500 | ||
|---|---|---|---|
| 001 | 2604514 | ||
| 003 | OSt | ||
| 005 | 20140310184242.0 | ||
| 008 | 970115s1997 nyua j 000 0ceng d | ||
| 010 | _a 97137021 | ||
| 020 | _a0590255185 | ||
| 035 | _a(OCoLC)36209907 | ||
| 040 |
_aODa _cODa _dMnSP _dCoD _dDLC |
||
| 042 | _alccopycat | ||
| 043 | _an-us--- | ||
| 050 | 0 | 4 |
_aE 176.2 _b.G65 2004 |
| 100 | 1 |
_aGormley, Beatrice. _95680 |
|
| 245 | 1 | 0 |
_aFirst ladies : _bwomen who called the White House home / _cBeatrice Gormley. |
| 260 |
_aNew York : _bScholastic Inc., _c2004. |
||
| 300 |
_a96 p. : _bill. ; _c26 cm. |
||
| 521 | _aG9 | ||
| 526 | _c1040 | ||
| 650 | 0 |
_aPresidents' spouses _zUnited States _xBiography _xJuvenile literature. _925962 |
|
| 856 | 4 | 2 |
_3Publisher description _uhttp://www.loc.gov/catdir/description/schol051/97137021.html |
| 906 |
_a7 _bcbc _ccopycat _d2 _encip _f19 _gy-gencatlg |
||
| 942 |
_2lcc _cBK-SCHOLAS |
||
| 999 |
_c33286 _d33286 |
||